LEADER 02221nam 2200469 a 450 001 9910787216003321 005 20161219111813.0 010 $a9781452230719 010 $a1-4522-7180-1 010 $a1-4833-8727-5 035 $a(CKB)3710000000333656 035 $a(OCoLC)815975451 035 $a(StDuBDS)EDZ0000989159 035 $a(MiAaPQ)EBC1051685 035 $a(EXLCZ)993710000000333656 100 $a20110202d2011 fy| 0 101 0 $aeng 135 $aur||||||||||| 200 10$a10 best teaching practices$b[electronic resource] $ehow brain research and learning styles define teaching competencies /$fDonna Walker Tileston 205 $a3rd ed. 210 $aThousand Oaks, Calif. ;$aLondon $cCorwin$dc2011 215 $a1 online resource (xiv, 134 p.) $cill 300 $aPrevious ed.: 2005. 311 $a1-4129-7393-7 320 $aIncludes bibliographical references and index. 327 $aCreating an environment that facilitates learning -- Differentiating for different learning styles -- Helping students make connections from prior knowledge -- Teaching for long-term memory -- Constructing knowledge through higher-level thinking processes -- Fostering collaborative learning -- Bridging the gap between all learners -- Evaluating learning with authentic assessments -- Encouraging in-depth understanding with real-world applications -- Integrating technology seamlessly into instruction -- Putting it all together. 330 8 $aWith this book learn how to identify the needs and measure the progress of the students of the new millennium. It explores the best practices that have emerged from the 1900s and examines how they will stand up to challenges in the near future. 517 3 $aTen best teaching practices 606 $aEffective teaching 606 $aEducational change 606 $aLearning, Psychology of 615 0$aEffective teaching. 615 0$aEducational change. 615 0$aLearning, Psychology of. 676 $a371.102 700 $aTileston$b Donna Walker$01467724 801 0$bStDuBDS 801 1$bStDuBDS 906 $aBOOK 912 $a9910787216003321 996 $a10 best teaching practices$93766341 997 $aUNINA LEADER 04148nam0 2200601 i 450 001 VIA0080123 005 20251003044440.0 010 $a8815073388 010 $a9788815073389 020 $aIT$b2000-12611 100 $a20000127d1999 ||||0itac50 ba 101 | $aita 102 $ait 181 1$6z01$ai $bxxxe 182 1$6z01$an 183 1$6z01$anc$2RDAcarrier 200 1 $aDalla rivoluzione industriale all'integrazione europea$ebreve storia economica dell'Europa contemporanea$fVera Zamagni 210 $aBologna$cIl mulino$d©1999 215 $a251 p.$cill.$d21 cm. 225 | $aUniversale paperbacks Il mulino$v367 330 $aIn questo rapido profilo, Vera Zamagni illustra nei suoi snodi essenziali l'evoluzione economica europea dal Settecento a oggi. L'autrice esamina i modelli concettuali dello sviluppo e ne coglie le componenti tecnologiche, istituzionali e sociali. << così ripercorso il consolidarsi nell'Ottocento delle economie francese e tedesca, asburgica, russa, italiana e spagnola, mentre viene sottolineata l'ascesa dei principali concorrenti dell'Europa, cioè Stati Uniti e Giappone. La prima affermazione dell'economia internazionale, la Grande guerra, la nascita dell'Urss, le crisi degli anni venti e trenta, la ricostruzione postbellica degli anni cinquanta e la nascita di uno spazio economico propriamente europeo sono la cornice entro la quale il volume inserisce una lettura storica dei problemi micro- e macro-economici, mostrando l'interazione delle diverse componenti finanziarie, politiche e industriali. 410 0$1001CFI0000033$12001 $aUniversale paperbacks Il mulino$v367 606 $aEuropa$xEconomia$xSec. 19.-20.$2FIR$3CFIC111028$9I 676 $a320.94$9SITUAZIONI E CONDIZIONI POLITICHE. Europa$v21 676 $a330.09$9$v21 676 $a330.94$9SITUAZIONI E CONDIZIONI ECONOMICHE. EUROPA$v12 676 $a330.94$9Economia. Europa$v20 676 $a330.94$9SITUAZIONI E CONDIZIONI ECONOMICHE. EUROPA EUROPA OCCIDENTALE$v21 676 $a330.94$9Economia. Situazioni e condizioni economiche. Europa$v22 676 $a330.94028$9SITUAZIONI E CONDIZIONI ECONOMICHE. EUROPA. EUROPA OCCIDENTALE. 19. SECOLO, 1815-1914$v19 686 $aHC 240$c$2C 686 $aSe.i.0$cStoria dell'economia italiana. Opere generali$2F 686 $aX30.0$cSTORIA ECONOMICO-SOCIALE$2R 696 $aEconomia reale$aAttività economiche$aAspetti economici 699 $aEconomia$yEconomia reale 699 $aEconomia$zAttività economiche 699 $aEconomia$zAspetti economici 700 1$aZamagni$b, Vera$3CFIV080053$4070$0249952 790 1$aNegri Zamagni$b, Vera$3CFIV080054$zZamagni, Vera 790 1$aNegri$b, Vera$3UBOV085660$zZamagni, Vera 790 1$aNegri Zamagni$b, Vera$3CFIV080054$zZamagni, Vera 790 1$aNegri$b, Vera$3UBOV085660$zZamagni, Vera 801 3$aIT$bIT-000000$c20000127 850 $aIT-BN0095 $aIT-SA0112 $aIT-AV0007 $aIT-NA0079 901 $bNAP BN$cMAGAZZINO $nmagazzini correnti divisi per anni 901 $bNAP 84$cBIBLIOTECA$n$ 901 $bNAP AV$cSEZ. M $nSezione Moderna 901 $bNAP 01$cPOZZO LIB.$nVi sono collocati fondi di economia, periodici di ingegneria e scienze, periodici di economia e statistica e altri fondi comprendenti documenti di economia pervenuti in dono. 912 $aVIA0080123 950 0$aBiblioteca Centralizzata di Ateneo$c1 v. in tre copie$d 01POZZO LIB.ECON MON 8013$e 01AR 0700308405E VMA 1 v. (Precedente collocazione: (AR) 30 EC 840)$fB $h20140801$i20140801$c1 v. in tre copie$d 01POZZO LIB.ECON MON 8013$e 01AR 0700312785E VMA (bis 1 v. (2. copia. - Precedente collocazione: EC (AR) 31 278)$fB $h20140916$i20140916$c1 v. in tre copie$d 01POZZO LIB.ECON MON 8013$e 01AR 0700312795E VMA (ter 1 v. (3. copia. - Precedente collocazione: EC (AR) 31 279)$fB $h20140916$i20140916 977 $a 01$a 84$a AV$a BN 996 $aDalla rivoluzione industriale all'integrazione europea$970022 997 $aUNISANNIO